U.S states closest to Rhode Island - Statistics

General Stats
  • This quiz has been taken 32 times
  • The average score is 10 of 10
Answer Stats
Distance Answer % Correct
160 miles Maine
100%
200 miles New Jersey
100%
25 miles Connecticut
97%
250 miles Delaware
97%
15 miles Massachusetts
97%
150 miles New York
97%
130 miles Vermont
97%
300 miles Maryland
93%
90 miles New Hampshire
93%
220 miles Pennsylvania
93%
No matching quizzes found
Score Distribution
Percent of People with Each Score
Percentile by Number Answered
Your Score History
You have not taken this quiz